| 000 | 03644ncm0a2200469 4500 | ||
|---|---|---|---|
| 001 | RU\NLR\ONIZ\219590 | ||
| 005 | 20250626085143.0 | ||
| 010 | _a978-5-00105-124-4 | ||
| 021 |
_aRU _b17-248н _917-16н |
||
| 035 | _aRU\NLR\ONIZ\lanatalya\5000005385\20170914151014 | ||
| 035 | _a(NLR Aleph) 011535179 | ||
| 090 |
_a12165649 _c12165649 |
||
| 100 | _a20170914d2017 |||y0rusy50 ca | ||
| 101 | 0 | _arus | |
| 102 | _aRU | ||
| 125 | _azx | ||
| 145 | 0 | _ab | |
| 200 | 1 |
_aХрестоматия для оркестра гармоник _bНоты _eдля студентов бакалавриата направления 53.03.02 "Муз.-инструмент. искусство" профиль "баян, аккордеон и струн. щипковые инструменты" _fЯ. Ю. Смирнов |
|
| 210 |
_aСанкт-Петербург _cЛема _d2017 |
||
| 215 |
_a90, [2] с. _cил. _d29 см |
||
| 313 | _aСистематизация документа проведена по изданию - Методика классифицирования музыкальных произведений (нотных изданий) по таблицам Библиотечно-библиографических классификаций : метод. рекомендации / Гос. б-ка СССР им. В.И. Ленина.- М., 1977. Индексу ББК методических рекомендаций присваивается код ББК для научных библиотек - LBC/SL | ||
| 327 | 1 |
_a1. Танец с саблями из балета "Гаянэ" / А. Хачатурян. _a2. Любимая мелодия : (парафраз на тему И. Цветкова) / В. Биберган |
|
| 464 | 0 |
_12001#$aТанец с саблями из балета "Гаянэ"$fА. Хачатурян _1215##$aС.28-53 _1700#1$9z01790$aХачатурян$bА.И.$gАрам Ильич$f1903-1978$4230$7ca _1790#1$9z01700$aKhachaturian$bA.$gAram$f1903-1978$4230$7ba _tТанец с саблями из балета "Гаянэ" _aХачатурян, Арам Ильич (1903-1978) |
|
| 464 | 0 |
_12001#$aЛюбимая мелодия$e(парафраз на тему И. Цветкова)$fВ. Биберган _1215##$aС.55-87 _1700#1$9z01790$aБиберган$bВ. Д.$gВадим Давидович$f1937-$4230$7ca _1790#1$9z01700$aBibergan$bV. D.$gVadim Davidovich$f1937-$4230$7ba _tЛюбимая мелодия _aБиберган, Вадим Давидович (1937-) |
|
| 606 | 1 |
_aПроизведения для ансамбля баянов и аккордеонов _jНоты _2nlr_sh |
|
| 606 | 1 |
_aОркестровый класс (учебное пособие) _yРоссия _jНоты _2nlr_sh |
|
| 686 |
_aЩ952.459.3(2Р=Р)я43 _vLBC/SL _2rubbk |
||
| 686 |
_aЩ951.993(2Р=Р)я43 _vLBC/SL _2rubbk |
||
| 686 |
_aЩ951.9, 8 ( Оркестр баянно-аккордеонный им. П. И. Смирнова) _vLBC/SL _2rubbk |
||
| 700 | 1 |
_9z01790 _aСмирнов _bЯ. Ю. _f1970- _gЯрослав Юрьевич _4070 _4220 _4030 _7ca |
|
| 702 | 1 |
_9z03790 _aСмирнов _bП. И. _f1911-1977 _gПавел Иванович _4280 _7ca |
|
| 790 | 1 |
_9z01700 _aSmirnov _bY. Yu. _f1970- _gYaroslav Yur`yevich _4070 _4220 _4030 _7ba |
|
| 790 | 1 |
_9z03702 _aSmirnov _bP. I. _f1911-1977 _gPavel Ivanovich _4280 _7ba |
|
| 801 | 0 |
_aRU _bNLR _c20170914 _gPSBO |
|
| 801 | 1 |
_aRU _bNLR _c20170914 _2rusmarc |
|
| 801 | 2 |
_aRU _bNLR _c20191004 |
|
| 852 |
_aNLR _bМ _j3/11741 _pМОЭ 2017-16н/248н _t1 |
||
| 852 |
_aNLR _bМ _j3/11741а _pМОЭ 2017-16н/248на _t2 |
||
| 942 | _cSCORE | ||
| 980 | _aNB | ||
| 980 | _aONIZ | ||